[Event "SLO-chT 28th"]
[Site "Slovenia"]
[Date "2018.11.11"]
[Round "6.5"]
[White "Miletic, Dean"]
[Black "Sebenik, Matej"]
[Result "0-1"]
[WhiteElo "2305"]
[BlackElo "2538"]
[PlyCount "86"]
[EventDate "2018.11.02"]
[EventType "team-tourn"]
[EventRounds "9"]
[EventCountry "SLO"]
[SourceTitle "CBM 187 Extra"]
[Source "ChessBase"]
[SourceDate "2018.11.04"]
[SourceVersion "1"]
[SourceVersionDate "2018.11.04"]
[SourceQuality "1"]
[WhiteTeam "Nova Gorica"]
[BlackTeam "Ljubljana"]
[WhiteTeamCountry "SLO"]
[BlackTeamCountry "SLO"]

1. e4 c5 2. Nf3 Nc6 3. d4 cxd4 4. Nxd4 g6 5. Nc3 Bg7 6. Be3 Nf6 7. Be2 0-0 8. Nb3 d6 9. 0-0 Be6 10. f4 Rc8 11. Bf3 Nd7 12. Nd4 Qb6 13. e5 dxe5 14. Nxe6 Qxe3+ 15. Kh1 fxe6 16. Qxd7 exf4 17. Rae1 Qb6 18. Qxe6+ Kh8 19. Nd5 Qxb2 20. Be4 Qe5 21. Nxf4 Qxe6 22. Nxe6 Rxf1+ 23. Rxf1 Bf6 24. Rd1 Kg8 25. Bd5 Ne5 26. Bb3 Kh8 27. h3 b6 28. g4 h6 29. Kg2 Kh7 30. Rd5 a5 31. a4 Nc4 32. Rd3 Nd6 33. Re3 b5 34. axb5 Nxb5 35. Kg3 Nc3 36. Nf4 a4 37. Bf7 Kg7 38. Be6 Rc6 39. Ne2 Nd1 40. Re4 Rxc2 41. Nf4 a3 42. Ra4 Be5 43. Re4 Kf6 0-1

[Event "SLO-CupT"]
[Site "Portoroz"]
[Date "2016.03.12"]
[Round "2"]
[White "Miletic, Dean"]
[Black "Pavasovic, Dusko"]
[Result "1-0"]
[WhiteElo "2288"]
[BlackElo "2562"]
[PlyCount "77"]
[EventDate "2016.03.11"]
[EventType "team-swiss"]
[EventRounds "5"]
[EventCountry "SLO"]
[SourceTitle "EXT 2019"]
[Source "ChessBase"]
[SourceDate "2018.10.10"]
[SourceVersion "1"]
[SourceVersionDate "2018.10.10"]
[SourceQuality "1"]
[WhiteTeam "Nova Gorica"]
[BlackTeam "Ljubljana Duol"]
[WhiteTeamCountry "SLO"]
[BlackTeamCountry "SLO"]

1. e4 e5 2. Nf3 Nc6 3. Bb5 a6 4. Ba4 Nge7 5. c3 g6 6. d4 exd4 7. cxd4 Bg7 8. 0-0 b5 9. Bb3 0-0 10. a4 Bb7 11. Re1 d6 12. Na3 Qd7 13. Bg5 h6 14. Bh4 Na5 15. Ba2 b4 16. Nc4 Nxc4 17. Bxc4 a5 18. Rc1 c6 19. h3 Rae8 20. Bg3 Nc8 21. e5 Kh7 22. Qb3 d5 23. Bd3 Nb6 24. Qc2 Re6 25. Nh4 c5 26. dxc5 Nc4 27. f4 Kg8 28. b3 Na3 29. Qf2 Ba6 30. Bxa6 Rxa6 31. f5 Rc8 32. e6 fxe6 33. Nxg6 Qf7 34. Bd6 Re8 35. c6 Bc3 36. Rxe6 Rxe6 37. fxe6 Qxf2+ 38. Kxf2 Kg7 39. Ne7 1-0

[Event "SLO-chT1 West"]
[Site "Ljubljana"]
[Date "2015.11.08"]
[Round "6"]
[White "Bratovic, Blaz"]
[Black "Miletic, Dean"]
[Result "0-1"]
[WhiteElo "2325"]
[BlackElo "2269"]
[PlyCount "130"]
[EventDate "2015.10.16"]
[EventType "team-tourn"]
[EventRounds "9"]
[EventCountry "SLO"]
[SourceTitle "EXT 2019"]
[Source "ChessBase"]
[SourceDate "2018.10.10"]
[SourceVersion "1"]
[SourceVersionDate "2018.10.10"]
[SourceQuality "1"]
[WhiteTeam "Gorenjka Lesce"]
[BlackTeam "Nova Gorica"]
[WhiteTeamCountry "SLO"]
[BlackTeamCountry "SLO"]

1. e4 c5 2. Nf3 d6 3. d4 cxd4 4. Nxd4 Nf6 5. Nc3 a6 6. Bc4 e6 7. 0-0 b5 8. Bb3 Be7 9. Qf3 Qc7 10. Qg3 0-0 11. Bh6 Ne8 12. Rad1 Bd7 13. Nf3 b4 14. Ne2 Kh8 15. Bg5 Bxg5 16. Nxg5 h6 17. Nf3 a5 18. a4 bxa3 19. e5 a4 20. exd6 Qc5 21. Ba2 axb2 22. Ne5 Ra5 23. Nc4 Ra6 24. Nc3 Nf6 25. Nxb2 Rc8 26. Nb1 Qxc2 27. Rd2 Qc5 28. Nd3 Qxd6 29. Ne5 Qe7 30. Qf3 Bb5 31. Rfd1 Nc6 32. Rc1 Qe8 33. Nxf7+ Qxf7 34. Na3 Rb8 35. Nxb5 Rxb5 36. Rxc6 Rxc6 37. Qxc6 Qb7 38. Rd8+ Kh7 39. Qxb7 Rxb7 40. g3 Nd5 41. Bxd5 exd5 42. Rxd5 Ra7 43. Rd2 Kg6 44. f3 a3 45. Ra2 Kf5 46. Kf2 Ke5 47. Ke3 Kd5 48. Kd3 Rf7 49. f4 Ra7 50. g4 Ra4 51. f5 Ke5 52. Ke3 Ra7 53. Kf3 Kd4 54. Kg3 Kc3 55. Kh4 Kb3 56. Ra1 a2 57. Kh5 Ra6 58. h4 Kb2 59. Rf1 a1Q 60. Rxa1 Kxa1 61. g5 hxg5 62. hxg5 Kb2 63. Kg4 Kc3 64. Kf4 Kd4 65. f6 g6 0-1

[Event "SLO-CupT"]
[Site "Novo Mesto"]
[Date "2015.03.29"]
[Round "5"]
[White "Brcar, Ales"]
[Black "Miletic, Dean"]
[Result "1/2-1/2"]
[WhiteElo "2105"]
[BlackElo "2264"]
[PlyCount "81"]
[EventDate "2015.03.27"]
[EventType "team-swiss"]
[EventRounds "5"]
[EventCountry "SLO"]
[SourceTitle "EXT 2019"]
[Source "ChessBase"]
[SourceDate "2018.10.10"]
[SourceVersion "1"]
[SourceVersionDate "2018.10.10"]
[SourceQuality "1"]
[WhiteTeam "Trebnje BMP"]
[BlackTeam "Nova Gorica"]
[WhiteTeamCountry "SLO"]
[BlackTeamCountry "SLO"]

1. Nf3 Nf6 2. c4 g6 3. b4 Bg7 4. Bb2 0-0 5. g3 b6 6. Bg2 Bb7 7. 0-0 d6 8. a3 c5 9. d3 Nbd7 10. Nc3 a6 11. Qb3 Qc7 12. Rfc1 e6 13. Rab1 cxb4 14. axb4 Rac8 15. Na4 Qb8 16. Nd4 Bxg2 17. Kxg2 Qb7+ 18. Kg1 e5 19. Nf3 b5 20. Nc3 e4 21. Nxe4 Nxe4 22. dxe4 Bxb2 23. Rxb2 Qxe4 24. Qd3 Qe6 25. Rbc2 bxc4 26. Rxc4 Ne5 27. Nxe5 dxe5 28. Qc3 Rxc4 29. Qxc4 Qxc4 30. Rxc4 Rb8 31. Kg2 Kg7 32. Rc6 Rxb4 33. Rxa6 Rb3 34. Rc6 Ra3 35. Rb6 h5 36. h4 Rc3 37. Ra6 Rb3 38. Rc6 Ra3 39. Rb6 Rc3 40. Ra6 Rb3 41. Rd6 1/2-1/2

[Event "SLO-CupT"]
[Site "Novo Mesto"]
[Date "2015.03.28"]
[Round "2"]
[White "Vesel, Mark"]
[Black "Miletic, Dean"]
[Result "0-1"]
[WhiteElo "2064"]
[BlackElo "2264"]
[PlyCount "99"]
[EventDate "2015.03.27"]
[EventType "team-swiss"]
[EventRounds "5"]
[EventCountry "SLO"]
[SourceTitle "EXT 2019"]
[Source "ChessBase"]
[SourceDate "2018.10.10"]
[SourceVersion "1"]
[SourceVersionDate "2018.10.10"]
[SourceQuality "1"]
[WhiteTeam "Kocevje"]
[BlackTeam "Nova Gorica"]
[WhiteTeamCountry "SLO"]
[BlackTeamCountry "SLO"]

1. e4 e5 2. Nf3 Nc6 3. Bb5 a6 4. Ba4 Nf6 5. d3 b5 6. Bb3 Be7 7. Nc3 d6 8. h3 Na5 9. 0-0 0-0 10. Bg5 h6 11. Bxf6 Bxf6 12. Nd5 Bb7 13. Qd2 Nxb3 14. axb3 Re8 15. Rfe1 c6 16. Nxf6+ Qxf6 17. Qc3 c5 18. Re3 Qe6 19. Nh4 g6 20. Rf1 Kh7 21. f4 b4 22. Qe1 exf4 23. Rxf4 g5 24. Rf5 gxh4 25. Ref3 Rg8 26. Rxf7+ Rg7 27. R7f6 Qe5 28. Qxh4 Qg5 29. Qxg5 hxg5 30. Rxd6 Rc8 31. Rff6 Kg8 32. Rg6 Rcc7 33. Kf2 Rxg6 34. Rxg6+ Rg7 35. Rb6 Kf8 36. c3 bxc3 37. bxc3 Ke8 38. Ke3 Kd8 39. b4 cxb4 40. Rxb4 Kc7 41. d4 Re7 42. Rc4+ Kb6 43. Rc5 Bxe4 44. Rxg5 a5 45. Re5 Rxe5 46. dxe5 a4 47. Kd2 a3 48. Kc1 Kc5 49. c4 Kxc4 50. e6 0-1

[Event "SLO-chT 24th"]
[Site "Slovenia"]
[Date "2014.11.28"]
[Round "4.1"]
[White "Miletic, Dean"]
[Black "Unuk, Laura"]
[Result "0-1"]
[WhiteElo "2303"]
[BlackElo "2273"]
[PlyCount "52"]
[EventDate "2014.11.14"]
[EventType "team-tourn"]
[EventRounds "9"]
[EventCountry "SLO"]
[SourceTitle "EXT 2016"]
[Source "ChessBase"]
[SourceDate "2015.10.08"]
[SourceVersion "1"]
[SourceVersionDate "2015.10.08"]
[SourceQuality "1"]
[WhiteTeam "Nova Gorica"]
[BlackTeam "Komenda"]
[WhiteTeamCountry "SLO"]
[BlackTeamCountry "SLO"]

1. e4 e6 2. d4 d5 3. Nd2 c5 4. exd5 Qxd5 5. Ngf3 cxd4 6. Bc4 Qd8 7. 0-0 a6 8. Nb3 Nc6 9. Nbxd4 Nxd4 10. Nxd4 Qc7 11. Qe2 Bd6 12. g3 Ne7 13. Re1 e5 14. Nb3 Bf5 15. Bd2 0-0 16. Bd3 Bxd3 17. Qxd3 Rad8 18. Rad1 Nc6 19. Qe4 Kh8 20. a4 f5 21. Qe3 f4 22. Qe4 Qc8 23. Bc3 f3 24. Rd3 Rf4 25. Qd5 Bc7 26. Qc5 Rxd3 0-1

[Event "Nova Gorica op-A 19th"]
[Site "Nova Gorica"]
[Date "2014.02.05"]
[Round "8"]
[White "Miletic, Dean"]
[Black "Kersic, Matej"]
[Result "1-0"]
[WhiteElo "2291"]
[BlackElo "2167"]
[PlyCount "73"]
[EventDate "2014.01.31"]
[EventType "swiss"]
[EventRounds "9"]
[EventCountry "SLO"]
[SourceTitle "CBM 158 Extra"]
[Source "ChessBase"]
[SourceDate "2014.02.28"]
[SourceVersion "1"]
[SourceVersionDate "2014.02.28"]
[SourceQuality "1"]

1. e4 c5 2. Nf3 d6 3. d4 cxd4 4. Nxd4 Nf6 5. Nc3 a6 6. Be2 e6 7. 0-0 Qc7 8. a4 b6 9. f4 Bb7 10. Bf3 Nbd7 11. Kh1 Be7 12. g4 Nc5 13. Qe2 0-0 14. g5 Nfd7 15. Bg2 Rfe8 16. Rf3 g6 17. Rh3 e5 18. fxe5 Nxe5 19. Be3 Qd7 20. Nf5 Bf8 21. b4 gxf5 22. bxc5 Bg7 23. exf5 Bxg2+ 24. Qxg2 dxc5 25. Nd5 Qxf5 26. Ne7+ Rxe7 27. Qxa8+ Bf8 28. Qg2 Ng6 29. Rb1 Re6 30. Rf1 Qe5 31. Qf3 Re7 32. Qh5 Qe4+ 33. Kg1 Ne5 34. a5 Nc4 35. Rf4 Qxc2 36. Rxc4 Qb1+ 37. Rc1 1-0

[Event "Nova Gorica op-A 19th"]
[Site "Nova Gorica"]
[Date "2014.02.03"]
[Round "6"]
[White "Burmakin, Vladimir"]
[Black "Miletic, Dean"]
[Result "1/2-1/2"]
[WhiteElo "2574"]
[BlackElo "2291"]
[PlyCount "90"]
[EventDate "2014.01.31"]
[EventType "swiss"]
[EventRounds "9"]
[EventCountry "SLO"]
[SourceTitle "CBM 158 Extra"]
[Source "ChessBase"]
[SourceDate "2014.02.28"]
[SourceVersion "1"]
[SourceVersionDate "2014.02.28"]
[SourceQuality "1"]

1. d4 Nf6 2. Nf3 g6 3. Bf4 Bg7 4. e3 0-0 5. Be2 d6 6. h3 b6 7. 0-0 Bb7 8. a4 a5 9. Bh2 Ne4 10. Na3 Nd7 11. Nb5 e6 12. c4 f5 13. Qc2 Rc8 14. Rad1 Qe7 15. Ne1 e5 16. f3 Nef6 17. d5 Nc5 18. g4 Bh6 19. Ng2 Nfd7 20. f4 exf4 21. Bxf4 Bxf4 22. Rxf4 fxg4 23. Bxg4 Ba6 24. Nd4 Rce8 25. Ne6 Nxe6 26. Bxe6+ Kh8 27. Qc3+ Ne5 28. Rdf1 Qg7 29. h4 Bc8 30. c5 Bxe6 31. dxe6 Rxf4 32. exf4 Nc6 33. cxd6 Qxc3 34. bxc3 cxd6 35. f5 gxf5 36. Nf4 Kg7 37. Rd1 Kf6 38. Rxd6 Ke5 39. Rxc6 Kxf4 40. Rxb6 Kg3 41. c4 f4 42. c5 h5 43. Kf1 f3 44. Rd6 Rb8 45. Rb6 Re8 1/2-1/2

[Event "Zuerich op 37th"]
[Site "Zuerich"]
[Date "2013.12.28"]
[Round "4"]
[White "Lekic, Dusan"]
[Black "Miletic, Dean"]
[Result "1-0"]
[WhiteElo "2417"]
[BlackElo "2280"]
[PlyCount "73"]
[EventDate "2013.12.26"]
[EventType "swiss"]
[EventRounds "7"]
[EventCountry "SUI"]
[SourceTitle "CBM 158 Extra"]
[Source "ChessBase"]
[SourceDate "2014.02.28"]
[SourceVersion "1"]
[SourceVersionDate "2014.02.28"]
[SourceQuality "1"]

1. c4 Nf6 2. g3 g6 3. Bg2 Bg7 4. Nc3 e5 5. d3 d6 6. e4 Nc6 7. Nge2 0-0 8. Nd5 Nd4 9. Nxf6+ Bxf6 10. Nxd4 exd4 11. 0-0 Bg7 12. Bd2 c6 13. b4 Be6 14. a4 Qd7 15. a5 a6 16. Qa4 f5 17. exf5 Bxf5 18. Qb3 Bh3 19. f4 Bxg2 20. Kxg2 Rae8 21. Rae1 Qg4 22. Qd1 Qxd1 23. Rxd1 g5 24. Kf3 h5 25. h3 gxf4 26. gxf4 Bf6 27. Rde1 Kf7 28. Rxe8 Rxe8 29. Rb1 Rg8 30. Be1 Ke6 31. Bf2 Rc8 32. Rb3 d5 33. cxd5+ cxd5 34. b5 Rc3 35. bxa6 bxa6 36. Rb6+ Ke7 37. Rxf6 1-0

[Event "SLO-chT"]
[Site "Slovenia"]
[Date "2013.11.30"]
[Round "5"]
[White "Kaps, Darja"]
[Black "Miletic, Dean"]
[Result "1-0"]
[WhiteElo "2221"]
[BlackElo "2280"]
[PlyCount "173"]
[EventDate "2013.11.22"]
[EventType "team-tourn"]
[EventRounds "9"]
[EventCountry "SLO"]
[SourceTitle "EXT 2015"]
[Source "ChessBase"]
[SourceDate "2014.11.20"]
[SourceVersion "1"]
[SourceVersionDate "2014.11.20"]
[SourceQuality "1"]
[WhiteTeam "Novo Mesto Krka"]
[BlackTeam "Nova Gorica"]
[WhiteTeamCountry "SLO"]
[BlackTeamCountry "SLO"]

1. c4 e5 2. g3 Nc6 3. Bg2 g6 4. Nc3 Bg7 5. Nf3 f5 6. d3 d6 7. Nd5 Nf6 8. Bg5 h6 9. Bxf6 Bxf6 10. 0-0 0-0 11. Nd2 Bg7 12. b4 Ne7 13. Rc1 c6 14. Nxe7+ Qxe7 15. a4 Be6 16. b5 Qd7 17. Nb3 c5 18. Nd2 h5 19. Nb1 h4 20. Nc3 hxg3 21. hxg3 f4 22. Nd5 Bh6 23. e3 Bh3 24. gxf4 Bxg2 25. Kxg2 exf4 26. Rh1 Bg5 27. Rh3 Kg7 28. exf4 Bxf4 29. Qh1 Qg4+ 30. Kf1 Bh6 31. Re1 Rf7 32. Qg2 Qxg2+ 33. Kxg2 Raf8 34. f3 Bg5 35. Re6 Bf4 36. Rh4 g5 37. Rhh6 Rg8 38. Rhg6+ Kf8 39. Rxg8+ Kxg8 40. Nxf4 gxf4 41. Rxd6 Kf8 42. d4 cxd4 43. Rxd4 Rg7+ 44. Kf2 Rf7 45. Re4 Kg7 46. c5 Kg6 47. c6 bxc6 48. bxc6 Kf5 49. Rc4 Rc7 50. Ke2 Ke5 51. Kd3 Kd5 52. Rxf4 Rxc6 53. Rf5+ Ke6 54. Ra5 Rc7 55. Kd4 Rb7 56. f4 Rb4+ 57. Ke3 Rb3+ 58. Ke4 Rb4+ 59. Kf3 Rb7 60. Kg4 Rg7+ 61. Rg5 Rc7 62. Rg6+ Kf7 63. Ra6 Rb7 64. Kg5 Rc7 65. f5 Kg7 66. Rg6+ Kf7 67. Rh6 Kg7 68. f6+ Kg8 69. Rh4 Rc1 70. Re4 Kf8 71. Kf5 Rc6 72. a5 a6 73. Rb4 Rc1 74. Rb6 Kf7 75. Rxa6 Rf1+ 76. Ke5 Re1+ 77. Kd4 Rd1+ 78. Kc3 Rc1+ 79. Kb2 Rc5 80. Kb3 Rf5 81. Kb4 Rf4+ 82. Kb5 Rf5+ 83. Kb6 Kxf6 84. Ra8 Kg7 85. Rc8 Rf1 86. Rc5 Rf6+ 87. Kb7 1-0

[Event "SLO-CupT"]
[Site "Ljubljana"]
[Date "2013.09.22"]
[Round "4.3"]
[White "Justin, Matjaz"]
[Black "Miletic, Dean"]
[Result "0-1"]
[WhiteElo "2318"]
[BlackElo "2276"]
[PlyCount "112"]
[EventDate "2013.09.20"]
[EventType "team-swiss"]
[EventRounds "5"]
[EventCountry "SLO"]
[SourceTitle "EXT 2019"]
[Source "ChessBase"]
[SourceDate "2018.10.10"]
[SourceVersion "1"]
[SourceVersionDate "2018.10.10"]
[SourceQuality "1"]
[WhiteTeam "Vrhnika"]
[BlackTeam "Nova Gorica"]
[WhiteTeamCountry "SLO"]
[BlackTeamCountry "SLO"]

1. e4 e5 2. Nf3 Nc6 3. Bb5 a6 4. Ba4 Nf6 5. 0-0 Be7 6. Re1 b5 7. Bb3 0-0 8. h3 d6 9. c3 Nb8 10. d4 Nbd7 11. Nbd2 Bb7 12. Bc2 Re8 13. Nf1 Bf8 14. Ng3 g6 15. Rb1 c5 16. d5 c4 17. Bg5 h6 18. Be3 Nc5 19. b4 cxb3 20. axb3 Qc7 21. Nd2 Ncd7 22. c4 b4 23. Ndf1 a5 24. Qd2 h5 25. f3 Nc5 26. Qf2 Nfd7 27. Ne2 Ba6 28. Nd2 Be7 29. h4 Nb6 30. g3 Rab8 31. Nc1 a4 32. Bxc5 dxc5 33. Nd3 Bf8 34. f4 Bd6 35. Kg2 Rbc8 36. Rbc1 Qe7 37. f5 Qf6 38. Rf1 Qe7 39. f6 Qd8 40. Qe3 Nd7 41. Qg5 Bf8 42. Nf3 Qxf6 43. Qxf6 Nxf6 44. Nfxe5 Nxe4 45. Rxf7 Bg7 46. Ra7 Ra8 47. Rxa8 Rxa8 48. bxa4 Nd2 49. d6 b3 50. d7 Bb7+ 51. Kh3 bxc2 52. Rxc2 Nf3 53. Nxf3 Bxf3 54. Nxc5 Bf8 55. Rd2 Rd8 56. Nb7 Bxb7 0-1

[Event "SLO-CupT"]
[Site "Ljubljana"]
[Date "2013.09.22"]
[Round "5.3"]
[White "Miletic, Dean"]
[Black "Logar, Metod"]
[Result "1-0"]
[WhiteElo "2276"]
[BlackElo "2049"]
[PlyCount "67"]
[EventDate "2013.09.20"]
[EventType "team-swiss"]
[EventRounds "5"]
[EventCountry "SLO"]
[SourceTitle "EXT 2019"]
[Source "ChessBase"]
[SourceDate "2018.10.10"]
[SourceVersion "1"]
[SourceVersionDate "2018.10.10"]
[SourceQuality "1"]
[WhiteTeam "Nova Gorica"]
[BlackTeam "Tomo Zupan Vzajemna"]
[WhiteTeamCountry "SLO"]
[BlackTeamCountry "SLO"]

1. e4 c5 2. Nf3 d6 3. d4 cxd4 4. Nxd4 Nf6 5. Nc3 g6 6. Be3 Bg7 7. f3 Nc6 8. Bc4 0-0 9. Qd2 Bd7 10. 0-0-0 Rc8 11. Bb3 Ne5 12. h4 Nc4 13. Bxc4 Rxc4 14. g4 Qa5 15. Nb3 Qc7 16. e5 dxe5 17. g5 Bf5 18. gxf6 Bxf6 19. h5 Rc8 20. hxg6 hxg6 21. Rh2 b5 22. Kb1 b4 23. Ne4 Bxe4 24. fxe4 Rxe4 25. Qf2 a6 26. Rdh1 Qd6 27. Bg5 Bg7 28. Qf3 f5 29. Bh6 Bf6 30. Rg2 Bg7 31. Bxg7 Kxg7 32. Qxf5 Qc6 33. Rhg1 Re1+ 34. Rxe1 1-0

[Event "SLO-CupT"]
[Site "Ljubljana"]
[Date "2013.09.21"]
[Round "2.3"]
[White "Miletic, Dean"]
[Black "Bajc, Aleksander"]
[Result "1-0"]
[WhiteElo "2276"]
[BlackElo "1606"]
[PlyCount "61"]
[EventDate "2013.09.20"]
[EventType "team-swiss"]
[EventRounds "5"]
[EventCountry "SLO"]
[SourceTitle "EXT 2019"]
[Source "ChessBase"]
[SourceDate "2018.10.10"]
[SourceVersion "1"]
[SourceVersionDate "2018.10.10"]
[SourceQuality "1"]
[WhiteTeam "Nova Gorica"]
[BlackTeam "Krsko Triglav"]
[WhiteTeamCountry "SLO"]
[BlackTeamCountry "SLO"]

1. e4 c5 2. Nf3 Nc6 3. d4 cxd4 4. Nxd4 Nf6 5. Nc3 e5 6. Ndb5 d6 7. Bg5 a6 8. Na3 Be7 9. Nc4 b5 10. Bxf6 gxf6 11. Ne3 Nd4 12. Ncd5 f5 13. c3 Nc6 14. Nxf5 Rg8 15. Nfxe7 Nxe7 16. Nf6+ Kf8 17. Nxg8 Kxg8 18. a4 Rb8 19. axb5 axb5 20. Qd2 Ng6 21. g3 Bb7 22. Bg2 f5 23. Rd1 d5 24. exf5 Ne7 25. Qg5+ Kh8 26. Qf6+ Kg8 27. Qe6+ Kf8 28. Qxe5 Nc6 29. Qh8+ Ke7 30. Qg7+ Kd6 31. Rxd5# 1-0

[Event "SLO-chT 22th"]
[Site "Ljubljana"]
[Date "2012.11.25"]
[Round "3"]
[White "Miletic, Dean"]
[Black "Soln, Primoz"]
[Result "1/2-1/2"]
[WhiteElo "2272"]
[BlackElo "2387"]
[PlyCount "39"]
[EventDate "2012.11.23"]
[EventType "team-tourn"]
[EventRounds "9"]
[EventCountry "SLO"]
[SourceTitle "CBM 151 Extra"]
[Source "ChessBase"]
[SourceDate "2012.12.18"]
[SourceVersion "1"]
[SourceVersionDate "2012.12.18"]
[SourceQuality "1"]
[WhiteTeam "Nova Gorica"]
[BlackTeam "Ljubljana Vidmar"]
[WhiteTeamCountry "SLO"]
[BlackTeamCountry "SVK"]

1. e4 e6 2. d4 d5 3. Nd2 Nf6 4. e5 Nfd7 5. Bd3 c5 6. c3 Nc6 7. Ne2 cxd4 8. cxd4 f6 9. exf6 Qxf6 10. Nf3 h6 11. 0-0 Bd6 12. Be3 0-0 13. Rc1 Rd8 14. Ng3 Nf8 15. Re1 Bd7 16. Nh5 Qf7 17. Ng3 Qf6 18. Nh5 Qf7 19. Ng3 Qf6 20. Nh5 1/2-1/2

[Event "SLO-ch qual"]
[Site "Otocec"]
[Date "2009.07.11"]
[Round "8"]
[White "Miletic, Dean"]
[Black "Jelen, Igor"]
[Result "1/2-1/2"]
[WhiteElo "2231"]
[BlackElo "2384"]
[PlyCount "32"]
[EventDate "2009.07.07"]
[EventType "swiss"]
[EventRounds "9"]
[EventCountry "SLO"]
[SourceTitle "EXT 2010"]
[Source "ChessBase"]
[SourceDate "2010.11.25"]
[SourceVersion "1"]
[SourceVersionDate "2010.11.25"]
[SourceQuality "1"]

1. e4 c5 2. Nf3 Nc6 3. d4 cxd4 4. Nxd4 Nf6 5. Nc3 e5 6. Ndb5 d6 7. Bg5 a6 8. Na3 Be7 9. Nc4 Nd4 10. a4 Be6 11. Ne3 Rc8 12. Bd3 h6 13. Bxf6 Bxf6 14. Ncd5 Bg5 15. c3 Bxe3 16. Nxe3 Nb3 1/2-1/2

[Event "SLO-ch qual"]
[Site "Otocec"]
[Date "2009.07.11"]
[Round "9"]
[White "Stajner, Samo"]
[Black "Miletic, Dean"]
[Result "1/2-1/2"]
[WhiteElo "2322"]
[BlackElo "2231"]
[PlyCount "117"]
[EventDate "2009.07.07"]
[EventType "swiss"]
[EventRounds "9"]
[EventCountry "SLO"]
[SourceTitle "EXT 2010"]
[Source "ChessBase"]
[SourceDate "2010.11.25"]
[SourceVersion "1"]
[SourceVersionDate "2010.11.25"]
[SourceQuality "1"]

1. Nf3 Nf6 2. c4 g6 3. Nc3 d5 4. Qa4+ c6 5. cxd5 Nxd5 6. e4 Nxc3 7. bxc3 Bg7 8. d4 0-0 9. Be3 c5 10. Be2 Bd7 11. Qc2 cxd4 12. Bxd4 Nc6 13. Bxg7 Kxg7 14. Rd1 Qc7 15. 0-0 Rfd8 16. Qb2 Bg4 17. Rd5 Kg8 18. Rfd1 e6 19. Rxd8+ Rxd8 20. Rxd8+ Nxd8 21. h3 Bxf3 22. Bxf3 b6 23. h4 h5 24. Qb4 Nb7 25. g3 Nc5 26. Qd4 Nd7 27. Be2 Ne5 28. Kg2 Nc6 29. Qe3 Qe5 30. f4 Qa5 31. Qd2 Kg7 32. Bf3 Qc5 33. Bd1 Qc4 34. Bf3 Qc5 35. Be2 Kf8 36. Qd3 Ke7 37. Qc4 Qe3 38. Qd3 Qc5 39. Bd1 Na5 40. f5 Nc4 41. Bb3 Ne3+ 42. Kf3 Ng4 43. Qd4 Ne5+ 44. Kf4 Nd7 45. Qxc5+ Nxc5 46. Bc2 exf5 47. exf5 Kf6 48. fxg6 fxg6 49. Ke3 Ne6 50. Ke4 Ng7 51. a4 Nf5 52. Kf4 Ne7 53. Be4 Nc8 54. g4 hxg4 55. Kxg4 Nd6 56. Bd3 Nf7 57. Kf4 g5+ 58. hxg5+ Nxg5 59. Be4 1/2-1/2

[Event "SLO-ch qual"]
[Site "Otocec"]
[Date "2009.07.09"]
[Round "4"]
[White "Drnovsek, Nejc"]
[Black "Miletic, Dean"]
[Result "0-1"]
[WhiteElo "2125"]
[BlackElo "2231"]
[PlyCount "90"]
[EventDate "2009.07.07"]
[EventType "swiss"]
[EventRounds "9"]
[EventCountry "SLO"]
[SourceTitle "EXT 2010"]
[Source "ChessBase"]
[SourceDate "2010.11.25"]
[SourceVersion "1"]
[SourceVersionDate "2010.11.25"]
[SourceQuality "1"]

1. d4 Nf6 2. c4 g6 3. Nf3 Bg7 4. Nc3 d5 5. Bg5 Ne4 6. cxd5 Nxg5 7. Nxg5 e6 8. Nf3 exd5 9. e3 0-0 10. Be2 c6 11. 0-0 Qe7 12. a3 Nd7 13. Rc1 Nf6 14. Ne5 Ne8 15. Nd3 Bf5 16. b4 Nd6 17. b5 Nxb5 18. Nxb5 cxb5 19. Nb4 Be6 20. Bxb5 a6 21. Be2 a5 22. Nc2 Rfc8 23. Rb1 Rc3 24. a4 Bf5 25. Rb2 Rac8 26. Ne1 Be4 27. Bd3 Qa3 28. Rd2 Rc1 29. Qe2 Qxa4 30. Ra2 Qb4 31. Bxe4 dxe4 32. Rb2 Qc4 33. f3 Qxe2 34. Rxe2 exf3 35. Nxf3 b5 36. Rd2 Bh6 37. Rd3 b4 38. Rxc1 Rxc1+ 39. Kf2 Bf8 40. d5 Bd6 41. Ke2 a4 42. Rd1 Rc2+ 43. Rd2 Rc8 44. Nd4 b3 45. Nb5 Bb4 0-1

[Event "SLO-ch qual"]
[Site "Otocec"]
[Date "2009.07.08"]
[Round "3"]
[White "Miletic, Dean"]
[Black "Skrinjar, Matic"]
[Result "1-0"]
[WhiteElo "2231"]
[BlackElo "1925"]
[PlyCount "61"]
[EventDate "2009.07.07"]
[EventType "swiss"]
[EventRounds "9"]
[EventCountry "SLO"]
[SourceTitle "EXT 2010"]
[Source "ChessBase"]
[SourceDate "2010.11.25"]
[SourceVersion "1"]
[SourceVersionDate "2010.11.25"]
[SourceQuality "1"]

1. d4 d5 2. c4 e6 3. Nc3 Nf6 4. Bg5 Be7 5. e3 b6 6. Nf3 Nbd7 7. Rc1 Bb7 8. cxd5 exd5 9. Qa4 0-0 10. Ba6 Bxa6 11. Qxa6 c5 12. 0-0 c4 13. Qb7 Qc8 14. Qxc8 Raxc8 15. Ne5 Rfd8 16. f3 Kf8 17. Rfd1 h6 18. Bh4 Bb4 19. Nb5 g5 20. Bg3 Nxe5 21. Bxe5 Nd7 22. Bg3 a5 23. Bc7 Re8 24. Bd6+ Kg7 25. a3 Bxd6 26. Nxd6 Rb8 27. Nxe8+ Rxe8 28. Re1 f5 29. e4 fxe4 30. fxe4 Nf6 31. exd5 1-0

[Event "SLO-chT 19th"]
[Site "Rogaska Slatina"]
[Date "2009.??.??"]
[Round "1"]
[White "Mestrovic, Zvonimir"]
[Black "Miletic, Dean"]
[Result "1-0"]
[WhiteElo "2331"]
[BlackElo "2231"]
[PlyCount "75"]
[EventDate "2009.12.11"]
[EventType "team-tourn"]
[EventRounds "9"]
[EventCountry "SLO"]
[SourceTitle "CBM 133 Extra"]
[Source "ChessBase"]
[SourceDate "2010.01.05"]
[SourceVersion "1"]
[SourceVersionDate "2010.01.05"]
[SourceQuality "1"]
[WhiteTeam "Krsko Triglav"]
[BlackTeam "Nova Gorica"]
[WhiteTeamCountry "SLO"]
[BlackTeamCountry "SLO"]

1. e4 e5 2. Nf3 Nc6 3. Bb5 a6 4. Ba4 Nf6 5. 0-0 Be7 6. Bxc6 dxc6 7. d3 Nd7 8. Nbd2 0-0 9. Nc4 f6 10. Ne3 Nc5 11. Nf5 Ne6 12. N3h4 Nd4 13. Be3 Nxf5 14. exf5 Qd5 15. c4 Qf7 16. Qf3 Rd8 17. Rad1 Bd7 18. b3 Be8 19. Qe4 Qf8 20. Nf3 Bc5 21. d4 exd4 22. Bxd4 Bh5 23. Qe6+ Kh8 24. Bxc5 Qxc5 25. Rxd8+ Rxd8 26. Qe4 Qd6 27. Re1 h6 28. Nh4 Qd2 29. Ng6+ Kh7 30. h3 Bd1 31. Qe7 Bh5 32. Re3 Qd1+ 33. Kh2 Qd6+ 34. Qxd6 Rxd6 35. Nf4 Bf7 36. Re7 Kg8 37. Rxc7 Rd2 38. Ng6 1-0